Информационные технологии в преподавании КСЕ студентам экономических направлений и специальностей; Влияние информационных технологий на развитие образовательной системы

Opis bibliograficzny
Parent link:Влияние информационных технологий на развитие образовательной системы.— 2012.— С. 40-42
1. autor: Ерофеева Г. В. Галина Васильевна
Korporacja: Национальный исследовательский Томский политехнический университет (ТПУ) Физико-технический институт (ФТИ) Кафедра общей физики (ОФ)
Kolejni autorzy: Немирович-Данченко Л. Ю. Любовь Юрьевна, Склярова Е. А. Елена Александровна
Streszczenie:В фонде НТБ ТПУ отсутствует
Język:rosyjski
Wydane: 2012
Hasła przedmiotowe:
Format: MixedMaterials Rozdział
KOHA link:https://koha.lib.tpu.ru/cgi-bin/koha/opac-detail.pl?biblionumber=602165

MARC

LEADER 00000naa0a2200000 4500
001 602165
005 20250227155612.0
035 |a (RuTPU)RU\TPU\tpu\27604 
035 |a RU\TPU\tpu\24510 
090 |a 602165 
100 |a 20150609d2012 k y0rusy50 ca 
101 0 |a rus 
102 |a RU 
200 1 |a Информационные технологии в преподавании КСЕ студентам экономических направлений и специальностей  |f Г. В. Ерофеева, Л. Ю. Немирович-Данченко, Е. А. Склярова 
333 |a В фонде НТБ ТПУ отсутствует 
463 |t Влияние информационных технологий на развитие образовательной системы  |o материалы международной научно-практической конференции, Саратов, 12 апреля 2012 г.  |f отв. ред. А. А. Зарайский  |v С. 40-42  |d 2012 
610 1 |a труды учёных ТПУ 
700 1 |a Ерофеева  |b Г. В.  |c физик  |c профессор Томского политехнического университета, доктор педагогических наук  |f 1938-  |g Галина Васильевна  |3 (RuTPU)RU\TPU\pers\25191  |9 11271 
701 1 |a Немирович-Данченко  |b Л. Ю.  |c физик  |c старший преподаватель Томского политехнического университета  |f 1981-  |g Любовь Юрьевна  |3 (RuTPU)RU\TPU\pers\33545  |9 17212 
701 1 |a Склярова  |b Е. А.  |c физик  |c доцент Томского политехнического университета, кандидат педагогических наук  |f 1972-  |g Елена Александровна  |3 (RuTPU)RU\TPU\pers\24507  |9 10826 
712 0 2 |a Национальный исследовательский Томский политехнический университет (ТПУ)  |b Физико-технический институт (ФТИ)  |b Кафедра общей физики (ОФ)  |3 (RuTPU)RU\TPU\col\18734 
801 1 |a RU  |b 63413507  |c 20140207 
801 2 |a RU  |b 63413507  |c 20150609  |g RCR 
942 |c BK